Click the World Cities on a Map #3 - Statistics

General Stats
  • This quiz has been taken 175 times
  • The average score is 25 of 36
Answers on the Map
Answers color-coded by a green-red scale on the quiz's map according to % correct below.
 
Answer Stats
Answer % Correct
Jerusalem
82%
Honolulu
78%
Lisbon
78%
Dublin
75%
Kuwait City
75%
Riyadh
75%
Seoul
75%
Algiers
74%
Boston
74%
Chicago
74%
Washington, DC
74%
Los Angeles
73%
Amsterdam
72%
Naples
72%
Warsaw
72%
Alexandria
71%
Caracas
71%
Marseille
71%
Tehran
71%
Havana
70%
Kabul
70%
Kathmandu
70%
La Paz
70%
Nairobi
70%
Santo Domingo
70%
Lagos
68%
Addis Ababa
67%
Munich
67%
Asuncion
66%
Antananarivo
65%
Shanghai
63%
Auckland
61%
Guadalajara
53%
Chennai
43%
Darwin
42%
Tianjin
40%
No matching quizzes found
Score Distribution
Percent of People with Each Score
Percentile by Number Answered
Your Score History
You have not taken this quiz